Synthesis of chalcone and flavonoids / (Record no. 80417)
[ view plain ]
| 000 -LEADER | |
|---|---|
| fixed length control field | 00853nam a22002417a 4500 |
| 001 - CONTROL NUMBER | |
| RUCL Control Number | 80417 |
| 003 - CONTROL NUMBER IDENTIFIER | |
| rucl marc code | BD-RjUL |
| 005 - DATE AND TIME OF LATEST TRANSACTION | |
| control field | 20230515154523.0 |
| 008 - FIXED-LENGTH DATA ELEMENTS--GENERAL INFORMATION | |
| fixed length control field | 220924s1987 bg a|||| m||| 00| 0 eng d |
| 035 ## - SYSTEM CONTROL NUMBER | |
| system control number | (BD-RjUL)80417 |
| 040 ## - CATALOGING SOURCE | |
| Original cataloging agency | BD-RjUL |
| Language of cataloging | eng |
| Transcribing agency | BD-RjUL |
| Modifying agency | BD-RjUL |
| 041 ## - LANGUAGE CODE | |
| Language code of Book | eng |
| 082 ## - DEWEY DECIMAL CLASSIFICATION NUMBER | |
| DDC Edition number | 23 |
| Classification number | 547.2 |
| Author mark and Year | ANS 1987 |
| 100 ## - MAIN ENTRY--PERSONAL NAME | |
| Personal name | Anam, Md. Rafiqul |
| 9 (RLIN) | 4959 |
| 245 10 - TITLE STATEMENT | |
| Title | Synthesis of chalcone and flavonoids / |
| Statement of responsibility, etc | Md. Rafiqul Anam ; |
| Name of Supervisor/Co-Supervisor | Supervisor : Md. Azizul Islam |
| 260 ## - PUBLICATION, DISTRIBUTION, ETC. (IMPRINT) | |
| Place of publication, distribution, etc | Rajshahi : |
| Name of publisher, distributor, etc | Department of Chemistry, University of Rajshahi. |
| Date of publication, distribution, etc | 1987 |
| 300 ## - PHYSICAL DESCRIPTION | |
| Pagination | [8], 120 leaves : |
| Other physical details | ill, ; |
| Dimensions | 29.cm. |
| 502 ## - DISSERTATION NOTE | |
| Dissertation note | Thesis (M. Phil.) -- Department of Chemistry, University of Rajshahi, 1987 |
| 504 ## - BIBLIOGRAPHY, ETC. NOTE | |
| Bibliography, etc | References : Leaves 113 -116 |
| 650 ## - SUBJECT ADDED ENTRY--TOPICAL TERM | |
| Topical term or geographic name as entry element | Synthesis |
| Form subdivision | Organic chemistry |
| 9 (RLIN) | 4960 |
| 700 ## - ADDED ENTRY--SUPERVISOR/CO-SUPERVISOR NAME | |
| Personal name | Islam, Md. Azizul, Supervisor |
| 9 (RLIN) | 4961 |
| 942 ## - ADDED ENTRY ELEMENTS (KOHA) | |
| Source of classification or shelving scheme | Dewey Decimal Classification |
| Koha item type | Theses |
| Source of classification or shelving scheme | Damaged status | Not for loan | Collection code | Permanent Location | Current Location | Shelving location | Date of accession | Source of acquisition | Total Checkouts | Full call number | Barcode | Date last seen | Copy number | Thesis |
|---|---|---|---|---|---|---|---|---|---|---|---|---|---|---|
| Dewey Decimal Classification | Not For Loan | Theses | Central Library, University of Rajshahi | Central Library, University of Rajshahi | Documentation Section | 12/11/1990 | Controller of Exam. R.U. | THE 547.2 ANS 1987 | D1488 | 24/09/2022 | C-1 | Theses |